000 00737nab a22002297a 4500
001 22620
003 HDC
007 cr bn ---aaaaa
008 210128c20141003my ||||| |||| 00| 0 may d
040 _aHDC
245 0 _aUniversiti Jepun saji makanan halal
336 _atext
_2rdacontent
337 _acomputer
_2rdamedia
338 _aonline resource
_2rdacarrier
650 _aEducational institution
_zJapan
_919462
650 _aFood
_xReligious aspect
_xIslam
_97432
710 _aBerita Harian
856 _zRequest full-text at [email protected]
942 _2lcc
942 _cNEWS
942 _kNWSC 006711
999 _c19936
_d19936